000 00519nam a2200181 i 4500
001 75814
003 ES-MaACL
005 20230906172617.0
007 t|
008 040927s1943 sp ||||1| spa d
100 1 _aGuasp, Jaime.
_960362
245 1 0 _aDerecho procesal civil /
_cJaime Guasp.
250 _a3ª ed.
260 _aMadrid :
_bInstituto de Estudios Políticos,
_c1968.
300 _a2 v. ;
_c24 cm.
710 2 _aInstituto de Estudios Políticos (Madrid)
_94924
852 _aES-MaACL
_jC-37601-2
_bR.71142
999 _c75814
_d75814